History Quiz

Random History or Famous Quiz

They Didn't Say That! Quiz Stats

Quiz Updated Feb 4, 2016

Challenge
Share
Tweet
Embed
Score 0/20 Timer 04:00
0 Plays Today
Misquote Person % Correct
'Et tu, Brute?'Julius Caesar
73.8%
'I can see Russia from my house.'Sarah Palin
72.5%
'I cannot tell a lie.'George Washington
71.8%
'The British are coming!'Paul Revere
70%
'If they have no bread, let them eat cake!'Marie Antoinette
60.4%
'Be nice to nerds. Chances are you'll end up working for one.'Bill Gates
55.5%
'You forgot Poland.'George W. Bush
37.6%
“The only traditions of the Royal Navy are rum, sodomy and the lash.”Winston Churchill
35.8%
'There's a sucker born every minute.'P.T. Barnum
28.6%
'The death of one man is a tragedy. The death of millions is a statistic.'Joseph Stalin
27.2%
Misquote Person % Correct
'Can't we all just get along?'Rodney King
24%
'Houston, we have a problem.'Jack Swigert/Jim Lovell
21%
'The ends justify the means.'Niccolo Machiavelli
15.5%
'I was recently on a tour of Latin America, and the only regret I have was that I didn't study Latin harder in school so I could converse with those people.'Dan Quayle
14.2%
“I disapprove of what you say, but I will defend to the death your right to say it.”Voltaire
10.7%
'Astrology is like a life-giving elixir to mankind.'Albert Einstein
10.5%
'First they ignore you. Then they laugh at you. Then they attack you. Then you win.'Mahatma Gandhi
9.6%
'I fear that all we have done is awakened a sleeping giant, and filled him with a terrible resolve.'Isoroku Yamamoto
6.9%
'Only the dead have seen the end of war.'Plato
4.4%
'The only good Indian is a dead Indian.'Philip Sheridan
2.1%

You're not logged in!

Compare scores with friends on all Sporcle quizzes.
Sign Up with Email
OR
Log In

You Might Also Like...

Show Comments

Extras

Top Quizzes Today


Score Distribution

Your Account Isn't Verified!

In order to create a playlist on Sporcle, you need to verify the email address you used during registration. Go to your Sporcle Settings to finish the process.